LEADER 01721nam 2200337Ia 450 001 996389632003316 005 20210104171824.0 035 $a(CKB)4940000000097808 035 $a(EEBO)2240901254 035 $a(OCoLC)ocn945447303e 035 $a(OCoLC)945447303 035 $a(EXLCZ)994940000000097808 100 $a20160323d1673 uy 0 101 0 $aeng 135 $aurbn||||a|bb| 200 10$aChildrens talk, English and Latine, divided into several clauses$b[electronic resource] $ewherein the propriety of both languages kept : that children by the help of their mother-tongue, may more easily learn to discourse in good Latine amongst themselves : there are also numbers set down betwixt both, which do shew the place and natural use of any word or phrase /$fBy Charles Hoole, master of arts, L.C. Oxon, teacher of a private grammar-school betwixt Goldsmiths-Alley in Redcross-Street, and Maidenhead Court in Aldersgate-Street, London. = Pueriles confabulatiunculae, Anglo-Latinae, in varias clasulas distributae ... / A Carolo Hoole .. 210 $aLondon $cPrinted for the Company of Stationers$d1673 215 $a[8], 95, [1] p 300 $aPlace and date of publication suggested by Wing (2nd ed., 1994). 300 $aReproduction of original in: Yale University Library. 330 $aeebo-0198 606 $aLatin language$xGrammar$vEarly works to 1800 615 0$aLatin language$xGrammar 700 $aHoole$b Charles$f1610-1667.$0793350 712 02$aStationers' Company (London, England), 801 0$bUMI 801 1$bUMI 906 $aBOOK 912 $a996389632003316 996 $aChildrens talk, English and Latine, divided into several clauses$92378285 997 $aUNISA